| 000 | 01104nam a22002177a 4500 | ||
|---|---|---|---|
| 005 | 20180622120602.0 | ||
| 010 | _aHIN-114341 | ||
| 020 |
_a9789352833252 _c165.00 |
||
| 035 | _aHN-86687 | ||
| 037 | _bDBAD/PUB | ||
| 082 | _a000 | ||
| 245 |
_aएस.बी.आई. भारतीय स्टेट बैंक : _cएस.चंद द्वारा संपादित _bकनिष्ठ सहयोगी (ग्राहक सहायता एंव विक्रय)आॅनलाइन प्रारंभिक परीक्षा / |
||
| 246 | _aSBI Bhartiya State Bank / | ||
| 260 |
_aनई दिल्ली _bएस चन्द एण्ड कम्पनी _c2018 |
||
| 270 |
_bनई दिल्ली _a7361,राम नगर,कुतुब रोड, _e110055 _mwwwshandpublishing.com |
||
| 300 |
_a224पृ. _c26से.मी.(अजिल्द) _bसचित्र |
||
| 490 | _aExam success series | ||
| 500 | _a20 प्रैक्टिस सेट्स | ||
| 700 | _aएस.चंद | ||
| 942 |
_2ddc _cHN _h000 _mभारती |
||
| 999 |
_c152957 _d152957 |
||